00432 2200181 4500245004100000020001800041250001100059100001700070700002000087700002000107650001700127005001900144260003100163041001400194084001300208300002000221336000900241 aLove Lies Vol. 3cAoki, KotomihText a9786022107736 aCet. 1 aAoki, Kotomi aIne Martiana K. aHimawan Pratama aKomik Jepang a20230214133008 aJakartabPT Gramediac2012 aIndonesia a741.5592 a18 cm. :cilus. atext